| 000 | 01721cam a22001694a 4500 | ||
|---|---|---|---|
| 005 | 20250605163514.0 | ||
| 008 | 250528s ||||||||||||||||||||||||d | ||
| 035 | _a20678 | ||
| 040 |
_aGR-AtMCL _bgre _dGR-AtMCL _eAACR2 |
||
| 245 | 1 | _aΕξοικονόμηση Ενέργειας / Σημειώσεις για τους Σπουδαστές του Τμήματος Μηχανολογίας: Τεχνολογικό Εκπαιδευτικό Ίδρυμα Λάρισας - Τμήμα Μηχανολογίας | |
| 260 |
_bΤεχνολογικό Εκπαιδευτικό Ίδρυμα Λάρισας, _c1998 |
||
| 300 | _a90 | ||
| 520 | _aΠρόλογος, Εισαγωγή, Μεθοδολογίες Εξοικονόμησης Ενέργειας στη Βιομηχανία, Θέρμανση των Χώρων, Εξοικονόμηση Ενέργειας στην Παραγωγή και Μεταφορά του Ατμού, Βαθμός Απόδοσης Ατμολέβητων, Εξοικονόμηση Ηλεκτρικής Ενέργειας στη Βιομηχανία, Μεθοδολογίες Εξοικονόμησης Ενέργειας στις Κατοικίες, Πηγές Ενέργειας, Γενικά, Καύσιμα, Ηλιακή Ενέργεια, Αιολική Ενέργεια, Γεωθερμική Ενέργεια, Πυρηνική Ενέργεια, Εξοικονόμηση Ενέργειας από τα Απόβλητα και τη Βιομάζα, Δίκτυα Ατμών και Συμπυκνωμάτων, Συστήματα Ανάκτησης Ατμού (flash-steam), Συστήματα Παραγωγής Flash Steam, Βιβλιογραφία. | ||
| 942 | _cBK | ||
| 999 |
_c5764 _d5764 |
||